000 00272nam a22001217a 4500
008 170814b xxu||||| |||| 00| 0 eng d
041 _aeng
080 _a51
100 _a36
101 _aMAT
245 _aANLYTIC GEOMETRYN AND CALCUS
_cSMAIL.L.L
942 _2udc
_cBK
999 _c23440
_d23440